000 00508nam a22001817a 4500
005 20140722114145.0
010 _aENG-109997
020 _c399.00
_a9789381542064
035 E _aEN-93530
037 _bDBAD/PUB
082 _aS
100 _aChatterjee, Ronen
245 0 0 _aReady to rock :
_cby Ronen Chatterjee
_bpower struggle /
260 _aGoa
_bCinnamonTeal
_c2011
270 _aPlot No 16,Gogal, Housing Board Colony
_bMargao Goa
_e403601
300 _a264p.
_c23cm(pbk)
942 _2ddc
_cEN
_mCHA
_hS
999 _c84171
_d84171